| 000 | 00479nam a2200205Ia 4500 | ||
|---|---|---|---|
| 005 | 20250425162443.0 | ||
| 008 | 250425s9999 xx 000 0 und d | ||
| 020 | _a9061910358 | ||
| 041 | _aeng | ||
| 082 | _a639.543 | ||
| 245 | 0 | _aPROBLEMS IN PRAWN CULTURE | |
| 250 | _aS.E. | ||
| 260 |
_aPaĆses Bajos, Holanda _bA.A.BALKEMA _c1992 |
||
| 260 | _aROTTERDAM | ||
| 300 | _a103 | ||
| 650 | _aCAMARONES | ||
| 650 | _aCULTIVO DE CAMARON | ||
| 942 | _c01 | ||
| 010 | _a75035 | ||
| 999 |
_c229531 _d229531 |
||